000 00635cam a22002293a 4500
001 251
003 PGUSA
005 20140828082945.0
008 950401s1995||||xxu|||||s|||||000 | eng d
040 _aPGUSA
_beng
042 _adc
050 4 _aJK
100 1 _aUnited States
245 1 0 _a1995 United States Congressional Address Book
_h[electronic resource] /
_cUnited States
260 _bProject Gutenberg,
_c1995
506 _aPublic domain in the USA.
516 _aElectronic text
653 _aUnited States. Congress
830 0 _aProject Gutenberg
_v251
856 4 0 _uhttp://www.gutenberg.org/ebooks/251
942 _cEB
999 _c229604
_d229604